000 00475nam a2200157 i 4500
001 98052
003 ES-MaACL
005 20230906182216.0
007 t|
008 050721s1916 ag ||||1| spa d
100 1 _aMarotta, F. Pedro.
_976967
245 1 4 _aLos ferrocarriles y la agricultura /
_cpor el ingeniero F. Pedro Marotta.
260 _aBuenos Aires :
_b[s.n.],
_c1916.
500 _aExtraido del "Boletín del Museo Social Argentino"
852 _aES-MaACL
_j1590-F-13
999 _c98052
_d98052